E-logistika pro železniční nákladní dopravu
Požiadavky zákazníka na poskytovateľa logistických služieb. Logistické firmy a ich ponuka špecifických služieb s pridanou hodnotou. Zákaznícky prístup k prepravným informáciám pomocou softvérových produktov. Konkurenčný náskok cestnej dopravy vo využívaní e-logistiky. Využitie satelitných systémo...
Salvato in:
| Autore principale: | |
|---|---|
| Natura: | Capitolo di libro |
| Lingua: | ceco |
| Soggetti: | |
| Tags: |
Nessun Tag, puoi essere il primo ad aggiungerne!!
|
MARC
| LEADER | 00000naa$a2200000$$$4500 | ||
|---|---|---|---|
| 001 | 0027608 | ||
| 005 | 20231113115216.2 | ||
| 041 | 0 | |a cze | |
| 044 | |a CZ | ||
| 245 | 1 | 0 | |a E-logistika pro železniční nákladní dopravu |c Václav Cempírek |
| 520 | |a Požiadavky zákazníka na poskytovateľa logistických služieb. Logistické firmy a ich ponuka špecifických služieb s pridanou hodnotou. Zákaznícky prístup k prepravným informáciám pomocou softvérových produktov. Konkurenčný náskok cestnej dopravy vo využívaní e-logistiky. Využitie satelitných systémov v odovzdávaní informácií v železničnej doprave. | ||
| 610 | 2 | 0 | |a doprava železničná nákladná |
| 610 | 2 | 0 | |a doprava cestná |
| 610 | 2 | 0 | |a logistika elektronická |
| 610 | 2 | 0 | |a informácie |
| 610 | 2 | 0 | |a zákazníci |
| 610 | 2 | 0 | |a technológie informačné |
| 610 | 2 | 0 | |a dodávatelia |
| 610 | 2 | 0 | |a prostriedky dopravné |
| 610 | 2 | 0 | |a efektívnosť |
| 610 | 2 | 0 | |a kvalita |
| 100 | 1 | |a Cempírek, Václav | |